Council of scientific and industrial research: handbook (Record no. 499319)

000 -LEADER
fixed length control field 00298cam a22000977a 4500
008 - FIXED-LENGTH DATA ELEMENTS--GENERAL INFORMATION
fixed length control field 180718b xxu||||| |||| 00| 0 eng d
082 ## - DEWEY DECIMAL CLASSIFICATION NUMBER
Classification number YA084x54 In2h/68
245 ## - TITLE STATEMENT
Title Council of scientific and industrial research: handbook
260 ## - PUBLICATION, DISTRIBUTION, ETC.
Place of publication, distribution, etc. Delhi
Name of publisher, distributor, etc. Publications and Information Dirctorate
Date of publication, distribution, etc.
300 ## - PHYSICAL DESCRIPTION
Extent 110+p.
Holdings
Withdrawn status Lost status Damaged status Not for loan Permanent Location Current Location Date acquired Full call number Barcode Date last seen Price effective from Koha item type
        Indian Institute of Public Administration Indian Institute of Public Administration 2018-08-04 YA084x54 In2h/68 GG9819 2018-08-04 2018-08-04 GG

Powered by Koha